[Event "PNWCC vs Europe Hybrid 08"]
[Site "Chess.com INT"]
[Date "2022.08.22"]
[Round "7"]
[White "Georgiev, Biser"]
[Black "Zhang, Eric"]
[Result "1-0"]
[WhiteElo "2232"]
[BlackElo "2139"]
[PlyCount "101"]
[EventDate "2022.08.19"]
[EventType "team-match"]
[EventRounds "8"]
[EventCountry "USA"]
[SourceTitle "EXT 2024"]
[Source "ChessBase"]
[SourceDate "2023.10.10"]
[SourceVersion "1"]
[SourceVersionDate "2023.10.10"]
[SourceQuality "1"]
[WhiteTeam "Europe"]
[BlackTeam "PNWCC"]
[BlackTeamCountry "USA"]

1. d4 Nf6 2. c4 g6 3. Nc3 d5 4. Nf3 Bg7 5. Bg5 Ne4 6. Bh4 c5 7. cxd5 Nxc3 8. bxc3 Qxd5 9. e3 Nc6 10. Be2 0-0 11. 0-0 cxd4 12. cxd4 e5 13. dxe5 Qxd1 14. Raxd1 Be6 15. Nd4 Bxa2 16. Nxc6 bxc6 17. f4 Bd5 18. Ba6 Rfb8 19. Be7 Rb6 20. Ra1 Bf8 21. Bxf8 Kxf8 22. Rfe1 Be4 23. Ra4 Bc2 24. Ra2 Bb3 25. Ra3 Rd8 26. Kf2 Rd2+ 27. Kf3 Rb2 28. e4 Ra2 29. Ra1 Rxa1 30. Rxa1 Bc2 31. Ra3 Rb4 32. Bd3 Bxd3 33. Rxd3 Ke7 34. Ra3 Rb7 35. f5 c5 36. Kf4 Rc7 37. Ke3 Kd7 38. Kd3 Kc6 39. Kc4 Re7 40. Ra6+ Kb7 41. Rf6 Rxe5 42. Rxf7+ Kb8 43. f6 Rxe4+ 44. Kd5 Rf4 45. Ke5 Rf5+ 46. Ke6 c4 47. Rxh7 c3 48. Rh3 Rc5 49. f7 Rc6+ 50. Kd5 Rf6 51. Rh8+ 1-0

[Event "PNWCC vs Europe Hybrid 08"]
[Site "Chess.com INT"]
[Date "2022.08.22"]
[Round "8"]
[White "Zhang, Eric"]
[Black "Georgiev, Biser"]
[Result "0-1"]
[WhiteElo "2139"]
[BlackElo "2232"]
[PlyCount "94"]
[EventDate "2022.08.19"]
[EventType "team-match"]
[EventRounds "8"]
[EventCountry "USA"]
[SourceTitle "EXT 2024"]
[Source "ChessBase"]
[SourceDate "2023.10.10"]
[SourceVersion "1"]
[SourceVersionDate "2023.10.10"]
[SourceQuality "1"]
[WhiteTeam "PNWCC"]
[BlackTeam "Europe"]
[WhiteTeamCountry "USA"]

1. d4 Nf6 2. c4 g6 3. f3 d5 4. cxd5 Nxd5 5. e4 Nb6 6. Nc3 Bg7 7. Be3 c6 8. Qd2 e5 9. d5 cxd5 10. exd5 0-0 11. h4 N8d7 12. h5 Nf6 13. hxg6 fxg6 14. 0-0-0 Bd7 15. Kb1 Rc8 16. d6 Nc4 17. Bxc4+ Rxc4 18. Nge2 Rf7 19. Ng3 Qa5 20. Nce4 Qxd2 21. Rxd2 b6 22. Bg5 Nxe4 23. Nxe4 Bf5 24. Be7 Bf8 25. Bxf8 Rxf8 26. Rc1 Bxe4+ 27. fxe4 Rxc1+ 28. Kxc1 Rd8 29. Rd5 Kf7 30. Rxe5 Rxd6 31. a4 Re6 32. Rb5 Rxe4 33. b4 h5 34. a5 Re6 35. Rd5 Ke7 36. Rb5 a6 37. Rg5 b5 38. Kd2 Kf6 39. Rd5 h4 40. Rd8 Kf5 41. Rb8 g5 42. Kd3 g4 43. Rh8 Kg5 44. Rh7 Rh6 45. Rg7+ Kf4 46. Ke2 h3 47. Rf7+ Ke4 0-1

[Event "PNWCC vs Europe Hybrid 08"]
[Site "Chess.com INT"]
[Date "2022.08.20"]
[Round "3"]
[White "Georgiev, Biser"]
[Black "Sivakumar, Shaaketh"]
[Result "0-1"]
[WhiteElo "2232"]
[BlackElo "2116"]
[PlyCount "90"]
[EventDate "2022.08.19"]
[EventType "team-match"]
[EventRounds "8"]
[EventCountry "USA"]
[SourceTitle "EXT 2024"]
[Source "ChessBase"]
[SourceDate "2023.10.10"]
[SourceVersion "1"]
[SourceVersionDate "2023.10.10"]
[SourceQuality "1"]
[WhiteTeam "Europe"]
[BlackTeam "PNWCC"]
[BlackTeamCountry "USA"]

1. d4 e6 2. c4 b6 3. Nc3 Bb4 4. Qc2 Bb7 5. a3 Bxc3+ 6. Qxc3 Nf6 7. Nf3 d6 8. g3 Nbd7 9. Bg2 0-0 10. 0-0 Qe7 11. b4 Rac8 12. Bb2 Be4 13. Rfd1 c5 14. dxc5 bxc5 15. b5 d5 16. a4 Nb6 17. Ne5 d4 18. Qb3 Bxg2 19. Kxg2 Qb7+ 20. f3 Nbd7 21. Nxd7 Nxd7 22. a5 e5 23. Rf1 e4 24. Bc1 Rfe8 25. Kg1 e3 26. Qc2 Ne5 27. Ra3 Rcd8 28. Rd3 Nxd3 29. Qxd3 Qc7 30. a6 Qa5 31. Ba3 Qb6 32. Rd1 g6 33. Kg2 h5 34. h4 Re5 35. Bc1 Rde8 36. Rh1 Qc7 37. Ba3 g5 38. hxg5 Rxg5 39. g4 f5 40. Rxh5 Rxh5 41. gxh5 Qe5 42. f4 Qxf4 43. Bxc5 Kh7 44. Qxd4 Rg8+ 45. Kh3 Qg3# 0-1

[Event "PNWCC vs Europe Hybrid 08"]
[Site "Chess.com INT"]
[Date "2022.08.20"]
[Round "4"]
[White "Sivakumar, Shaaketh"]
[Black "Georgiev, Biser"]
[Result "0-1"]
[WhiteElo "2116"]
[BlackElo "2232"]
[PlyCount "110"]
[EventDate "2022.08.19"]
[EventType "team-match"]
[EventRounds "8"]
[EventCountry "USA"]
[SourceTitle "EXT 2024"]
[Source "ChessBase"]
[SourceDate "2023.10.10"]
[SourceVersion "1"]
[SourceVersionDate "2023.10.10"]
[SourceQuality "1"]
[WhiteTeam "PNWCC"]
[BlackTeam "Europe"]
[WhiteTeamCountry "USA"]

1. e4 c5 2. Nf3 e6 3. g3 Nc6 4. Bg2 Nf6 5. Qe2 d5 6. exd5 Nxd5 7. Nc3 Nxc3 8. dxc3 Be7 9. 0-0 0-0 10. Bf4 Qb6 11. b3 f6 12. Nd2 e5 13. Bd5+ Kh8 14. Nc4 Qc7 15. Be3 Bf5 16. f4 Rad8 17. fxe5 fxe5 18. Bg2 b5 19. Bxc6 Qxc6 20. Nxe5 Qe4 21. Nd3 c4 22. Nf4 a6 23. Bb6 Qxe2 24. Nxe2 Rd2 25. Nd4 Bxc2 26. Rae1 Bf6 27. Ne6 Rc8 28. Bd4 cxb3 29. axb3 Bxb3 30. Bxf6 gxf6 31. Nd4 Rxc3 32. Nxb3 Rxb3 33. Re8+ Kg7 34. Re7+ Kg6 35. Re6 Rd7 36. Rexf6+ Kg7 37. Rxa6 Rb7 38. Kg2 Rb2+ 39. Kh3 b4 40. Rfa1 Rc2 41. Ra7 Rcc7 42. Rxb7 Rxb7 43. g4 b3 44. Kg3 Kf6 45. h4 Ke5 46. h5 b2 47. Rb1 Rb3+ 48. Kh4 h6 49. Re1+ Kf4 50. Rf1+ Ke4 51. Rb1 Kd3 52. g5 Rb4+ 53. Kg3 hxg5 54. h6 Kc2 55. h7 Rh4 0-1

[Event "PNWCC vs Europe Hybrid 08"]
[Site "Chess.com INT"]
[Date "2022.08.19"]
[Round "2"]
[White "Georgiev, Biser"]
[Black "Vemparala, Nikash"]
[Result "1/2-1/2"]
[WhiteElo "2232"]
[BlackElo "2034"]
[PlyCount "133"]
[EventDate "2022.08.19"]
[EventType "team-match"]
[EventRounds "8"]
[EventCountry "USA"]
[SourceTitle "EXT 2024"]
[Source "ChessBase"]
[SourceDate "2023.10.10"]
[SourceVersion "1"]
[SourceVersionDate "2023.10.10"]
[SourceQuality "1"]
[WhiteTeam "Europe"]
[BlackTeam "PNWCC"]
[BlackTeamCountry "USA"]

1. d4 d5 2. Nf3 Nf6 3. c4 c6 4. e3 e6 5. Nc3 Nbd7 6. Bd3 dxc4 7. Bxc4 b5 8. Bd3 a6 9. 0-0 c5 10. a4 b4 11. Ne4 Bb7 12. Ned2 Be7 13. a5 0-0 14. Qe2 Qc7 15. h3 Nd5 16. Nc4 Bf6 17. Rd1 cxd4 18. exd4 Nf4 19. Bxf4 Qxf4 20. Qe3 g5 21. Nfe5 Bxe5 22. dxe5 Qxe3 23. fxe3 Bd5 24. Nb6 Nxb6 25. axb6 a5 26. Rdc1 Rfb8 27. Rc5 Rxb6 28. Raxa5 Rd8 29. Be2 Bc6 30. Ra6 Rxa6 31. Bxa6 Be4 32. Rc8 Rxc8 33. Bxc8 Kf8 34. g3 Ke7 35. h4 g4 36. Kf2 h5 37. Ba6 Kd7 38. Bb5+ Kc7 39. Be8 Bg6 40. e4 Kd8 41. Ba4 Bxe4 42. Ke3 Bg6 43. Kd4 Ke7 44. Kc5 f6 45. Kxb4 fxe5 46. Kc5 e4 47. Kd4 Kd6 48. Bc2 e5+ 49. Ke3 Kd5 50. Bb1 Kc4 51. Bxe4 Be8 52. Bc2 Kd5 53. Bb3+ Kd6 54. Ba2 Bg6 55. b4 Kc6 56. Bc4 Kd6 57. Ba6 Kd5 58. Bb5 Kd6 59. Bc4 Be8 60. Bf1 Kd5 61. Bd3 Bf7 62. Bf5 Kd6 63. Be4 Be8 64. Bg2 Bb5 65. Be4 Be8 66. Bb7 Bg6 67. b5 1/2-1/2

[Event "GRE-chT 49th"]
[Site "Thessaloniki"]
[Date "2022.08.13"]
[Round "3.10"]
[White "Georgiev, Biser"]
[Black "Stathatos, Alexandros"]
[Result "1-0"]
[WhiteElo "2232"]
[BlackElo "1861"]
[PlyCount "91"]
[EventDate "2022.08.12"]
[EventType "team-swiss"]
[EventRounds "7"]
[EventCountry "GRE"]
[SourceTitle "CBM 209 Extra"]
[Source "ChessBase"]
[SourceDate "2022.09.30"]
[SourceVersion "1"]
[SourceVersionDate "2022.09.30"]
[SourceQuality "1"]
[WhiteTeam "Chania Kethon"]
[BlackTeam "Asos Rodou Hippotis"]
[WhiteTeamCountry "GRE"]
[BlackTeamCountry "GRE"]

1. c4 e5 2. Nc3 Nc6 3. g3 Bc5 4. Bg2 d6 5. e3 a6 6. Nge2 Ba7 7. a3 h5 8. h4 Bg4 9. d3 Nge7 10. Nd5 Nxd5 11. Bxd5 Qd7 12. b4 Nd8 13. Bb2 c6 14. Bg2 f6 15. Qd2 Be6 16. Qc2 Nf7 17. d4 Rc8 18. Qd3 d5 19. cxd5 cxd5 20. dxe5 Nxe5 21. Bxe5 fxe5 22. Rd1 Rd8 23. 0-0 0-0 24. Nc3 d4 25. exd4 Bxd4 26. Ne4 b5 27. Nc5 Qf7 28. Qc2 Bc4 29. Ne4 Bb3 30. Qe2 Bxd1 31. Rxd1 Bxf2+ 32. Kh2 Rxd1 33. Qxd1 Be3 34. Ng5 Qe8 35. Qd5+ Kh8 36. Ne6 Rf6 37. Nc5 Qe7 38. Ne4 Rf8 39. Qc6 Kh7 40. Qxa6 Qd7 41. Nc3 Rf6 42. Qa8 g6 43. Nd5 Kg7 44. Nxf6 Kxf6 45. Qf3+ Bf4 46. gxf4 1-0

[Event "PNWCC-Bulgaria Memorial Day"]
[Site "Chess.com INT"]
[Date "2022.05.29"]
[Round "?"]
[White "Georgiev, Biser"]
[Black "Sathish, Pranav"]
[Result "1/2-1/2"]
[WhiteElo "2244"]
[BlackElo "1850"]
[PlyCount "92"]
[EventDate "2022.05.28"]
[EventType "team-match"]
[EventRounds "6"]
[EventCountry "USA"]
[SourceTitle "EXT 2024"]
[Source "ChessBase"]
[SourceDate "2023.10.10"]
[SourceVersion "1"]
[SourceVersionDate "2023.10.10"]
[SourceQuality "1"]
[WhiteTeam "Bulgaria"]
[BlackTeam "PNWCC"]
[WhiteTeamCountry "BUL"]
[BlackTeamCountry "USA"]

1. e4 c5 2. Nf3 Nc6 3. c3 Nf6 4. e5 Nd5 5. d4 cxd4 6. Bc4 Nb6 7. Bb3 d5 8. exd6 Qxd6 9. 0-0 Be6 10. Na3 dxc3 11. Nb5 Qxd1 12. Rxd1 Rc8 13. Bxe6 fxe6 14. bxc3 a6 15. Nbd4 Nxd4 16. Nxd4 e5 17. Nf3 Nc4 18. Rb1 b5 19. a4 bxa4 20. Ra1 g6 21. Rxa4 Rc6 22. Rb4 Bg7 23. Rb8+ Kf7 24. Ng5+ Kf6 25. Rb7 Nd6 26. Ra7 h6 27. Rxd6+ Rxd6 28. Ne4+ Ke6 29. Nxd6 Rd8 30. Ba3 Bf8 31. Rxa6 exd6 32. Kf1 Rc8 33. Bb4 Kf5 34. Ke2 d5 35. Bxf8 Rxf8 36. Rd6 Rc8 37. Kd2 Rc5 38. f3 h5 39. g3 Ra5 40. Ke3 Ra3 41. Rxd5 Rxc3+ 42. Rd3 Rc2 43. Rd2 Rxd2 44. Kxd2 e4 45. Ke3 exf3 46. Kxf3 g5 1/2-1/2

[Event "PNWCC vs Plovdiv Hybrid"]
[Site "Chess.com INT"]
[Date "2022.03.13"]
[Round "4"]
[White "Xie, Bryan"]
[Black "Georgiev, Biser"]
[Result "1/2-1/2"]
[WhiteElo "2055"]
[BlackElo "2256"]
[PlyCount "135"]
[EventDate "2022.03.12"]
[EventType "team-tourn"]
[EventRounds "4"]
[EventCountry "NET"]
[SourceTitle "EXT 2023"]
[Source "ChessBase"]
[SourceDate "2022.10.05"]
[SourceVersion "1"]
[SourceVersionDate "2022.10.05"]
[SourceQuality "1"]
[WhiteTeam "PNWCC"]
[BlackTeam "Plovdiv"]
[WhiteTeamCountry "USA"]
[BlackTeamCountry "BUL"]

1. d4 Nf6 2. Nf3 g6 3. Bf4 Bg7 4. e3 0-0 5. Be2 d6 6. h3 Nbd7 7. 0-0 c5 8. c3 a6 9. a4 b6 10. Nbd2 Qc7 11. Bd3 Bb7 12. Bh2 e5 13. dxe5 Nxe5 14. Nxe5 dxe5 15. Qe2 Qe7 16. Nc4 e4 17. Bc2 Qe6 18. Rfd1 Bd5 19. Nd2 Rfc8 20. c4 Bc6 21. Nb1 Ne8 22. Nc3 Be5 23. Bxe5 Qxe5 24. Nd5 Bxd5 25. Rxd5 Qe7 26. Rad1 Rc6 27. Qd2 Nf6 28. Rd6 Rac8 29. a5 bxa5 30. Ba4 Rxd6 31. Qxd6 Kf8 32. Qxa6 Rd8 33. Rxd8+ Qxd8 34. Qa7 Qd6 35. Qxa5 Qe5 36. b4 Kg7 37. b5 Nd7 38. b6 Qa1+ 39. Kh2 Qe5+ 40. g3 Qb2 41. Kg2 Qxb6 42. Qc3+ Qf6 43. Qc2 Qf3+ 44. Kg1 Ne5 45. Qc3 Qf6 46. Kg2 Nd3 47. Qxf6+ Kxf6 48. Bc6 Ke5 49. g4 g5 50. Kg3 h6 51. Bb7 Nb2 52. Bd5 f5 53. gxf5 Kxf5 54. Kg2 Nd3 55. Kg3 h5 56. Bf7 h4+ 57. Kg2 Ne5 58. Bd5 g4 59. Bg8 gxh3+ 60. Kxh3 Nd3 61. Bh7+ Ke5 62. f3 Nf2+ 63. Kxh4 exf3 64. Kg3 Ne4+ 65. Bxe4 Kxe4 66. Kf2 Kd3 67. Kxf3 Kxc4 68. e4 1/2-1/2

[Event "PNWCC-Bulgaria Hybrid m2"]
[Site "Chess.com INT"]
[Date "2021.12.19"]
[Round "3"]
[White "Georgiev, Biser"]
[Black "Sivakumar, Shaashwath"]
[Result "1-0"]
[WhiteElo "2267"]
[BlackElo "2143"]
[PlyCount "125"]
[EventDate "2021.12.18"]
[EventType "team-match"]
[EventRounds "12"]
[EventCountry "USA"]
[SourceTitle "CBM 206 Extra"]
[Source "ChessBase"]
[SourceDate "2022.03.31"]
[SourceVersion "1"]
[SourceVersionDate "2022.03.31"]
[SourceQuality "1"]
[WhiteTeam "Bulgaria"]
[BlackTeam "PNWCC"]
[WhiteTeamCountry "BUL"]
[BlackTeamCountry "USA"]

1. e4 c5 2. Nf3 d6 3. d4 cxd4 4. Nxd4 Nf6 5. f3 a6 6. c4 e6 7. Nc3 Be7 8. Be3 b6 9. Be2 Bb7 10. 0-0 Nbd7 11. Qd2 0-0 12. Rfd1 Qc7 13. a4 Rfe8 14. a5 bxa5 15. Nb3 Rac8 16. Nxa5 Ba8 17. Bf2 h5 18. h3 Rcd8 19. Bf1 Qb8 20. Rdb1 d5 21. cxd5 exd5 22. exd5 Nb6 23. Qd3 Nbxd5 24. Qxa6 Bd6 25. Nxd5 Nxd5 26. Nc6 Bxc6 27. Qxc6 Bg3 28. Qc5 h4 29. Bc4 Nf4 30. b3 Re5 31. Qa7 Bxf2+ 32. Kxf2 Rd2+ 33. Kf1 Qxa7 34. Rxa7 Nxg2 35. Bxf7+ Kh7 36. Ra4 Ree2 37. Kg1 g6 38. Bc4 Re5 39. Bf1 Rg5 40. Rg4 Rxg4 41. fxg4 Nf4 42. b4 Nd5 43. b5 Nc3 44. Rb3 Na4 45. b6 Rd8 46. b7 Rb8 47. Bg2 Nc5 48. Rc3 Nxb7 49. Rb3 Kh6 50. Rxb7 Rd8 51. Rb5 Rd3 52. Kf2 Ra3 53. Bf3 Ra2+ 54. Ke3 Ra3+ 55. Kf4 g5+ 56. Rxg5 Rxf3+ 57. Kxf3 Kxg5 58. Ke3 Kf6 59. Ke4 Kg5 60. Ke5 Kg6 61. Kf4 Kh6 62. Kf5 Kh7 63. Kg5 1-0

[Event "BUL-chT GpA 63rd"]
[Site "Sunny Beach"]
[Date "2013.09.22"]
[Round "4.4"]
[White "Georgiev, Biser"]
[Black "Nikolov, Sasho"]
[Result "1-0"]
[WhiteElo "2256"]
[BlackElo "2382"]
[PlyCount "209"]
[EventDate "2013.09.19"]
[EventType "team-tourn"]
[EventRounds "7"]
[EventCountry "BUL"]
[SourceTitle "CBM 156 Extra"]
[Source "ChessBase"]
[SourceDate "2013.10.22"]
[SourceVersion "1"]
[SourceVersionDate "2013.10.22"]
[SourceQuality "1"]
[WhiteTeam "Dobrich Energiya 21"]
[BlackTeam "Dupnitsa Marek Union"]
[WhiteTeamCountry "BUL"]
[BlackTeamCountry "BUL"]

1. e4 c6 2. c4 d5 3. cxd5 cxd5 4. exd5 Nf6 5. Nc3 Nxd5 6. Nf3 e6 7. d4 Be7 8. Bd3 Nc6 9. a3 0-0 10. Bc2 Nxc3 11. bxc3 Qd5 12. Qd3 g6 13. 0-0 Rd8 14. c4 Qd6 15. Bb2 Bf6 16. Rfd1 b6 17. Qe2 Ba6 18. Bb3 Na5 19. Ba2 Rac8 20. Rac1 Bg7 21. Rc2 Rc7 22. h4 Rdc8 23. Rdc1 Qf4 24. h5 gxh5 25. Rc3 Qg4 26. Qc2 h4 27. Bb1 f5 28. Qe2 Rc6 29. Bd3 Bb7 30. Qe3 Rd6 31. Bf1 Bxf3 32. c5 bxc5 33. Rxc5 Rcd8 34. Rxa5 Be4 35. Rxa7 Rxd4 36. f3 Qg3 37. Rxg7+ Qxg7 38. Bxd4 Qxd4 39. Qxd4 Rxd4 40. fxe4 Rxe4 41. Ra1 Ra4 42. Bb5 Ra5 43. a4 Kf7 44. Kf2 Kf6 45. Rc1 Ra7 46. Kf3 Ke5 47. Ra1 Ra5 48. Re1+ Kf6 49. Kf4 Ra7 50. Bc4 Rxa4 51. Rxe6+ Kg7 52. Rc6 Ra3 53. Bf1 Ra2 54. Kf3 Ra3+ 55. Kf2 Rg3 56. Rc4 Rg4 57. Rc6 Rg6 58. Rc7+ Kh6 59. Rf7 Rg5 60. Rf6+ Kg7 61. Ra6 Rg3 62. Be2 Rg6 63. Ra4 Rh6 64. Kg1 h3 65. g3 h2+ 66. Kh1 Kf6 67. Bf1 Kg5 68. Rf4 Rh5 69. Bg2 Rh6 70. Bf1 Rh5 71. Bg2 Rh6 72. Bb7 Rh3 73. Bc8 Rxg3 74. Rxf5+ Kg6 75. Rc5 Rf3 76. Kxh2 h6 77. Bb7 Re3 78. Bc6 Kf6 79. Kg2 Re5 80. Rc4 Kg5 81. Bf3 Re7 82. Kg3 Rg7 83. Rc5+ Kf6+ 84. Kf4 Rg5 85. Rc6+ Kg7 86. Rc7+ Kg8 87. Be4 Rb5 88. Bf5 Ra5 89. Be6+ Kh8 90. Kg4 Rg5+ 91. Kf4 Ra5 92. Bf5 Kg8 93. Rd7 Rb5 94. Be6+ Kh8 95. Bd5 Rb1 96. Ke5 Re1+ 97. Be4 Kg8 98. Kf5 Ra1 99. Bd3 Kf8 100. Kf6 Ke8 101. Rd6 Ra8 102. Bf5 Rb8 103. Be6 h5 104. Bf7+ Kf8 105. Bxh5 1-0

[Event "BUL-chT GpA 63rd"]
[Site "Sunny Beach"]
[Date "2013.09.20"]
[Round "2.4"]
[White "Ivanov, Jordan"]
[Black "Georgiev, Biser"]
[Result "1-0"]
[WhiteElo "2385"]
[BlackElo "2256"]
[PlyCount "49"]
[EventDate "2013.09.19"]
[EventType "team-tourn"]
[EventRounds "7"]
[EventCountry "BUL"]
[SourceTitle "CBM 156 Extra"]
[Source "ChessBase"]
[SourceDate "2013.10.22"]
[SourceVersion "1"]
[SourceVersionDate "2013.10.22"]
[SourceQuality "1"]
[WhiteTeam "Sofia Lokomotiv"]
[BlackTeam "Dobrich Energiya 21"]
[WhiteTeamCountry "BUL"]
[BlackTeamCountry "BUL"]

1. Nf3 Nf6 2. c4 c5 3. Nc3 Nc6 4. e3 g6 5. d4 cxd4 6. exd4 d5 7. Bg5 Ne4 8. cxd5 Nxc3 9. bxc3 Qxd5 10. Be2 Bg7 11. 0-0 Bf5 12. c4 Qe4 13. d5 Nd4 14. Nxd4 Bxd4 15. Bf3 Qe5 16. Rc1 Bc5 17. Re1 Qb2 18. Re2 Qa3 19. Bxe7 Bxe7 20. d6 Be6 21. dxe7 Qxe7 22. Rb1 0-0 23. Rxb7 Qc5 24. Rxe6 fxe6 25. Qd7 1-0

[Event "Varna op 7th"]
[Site "Varna"]
[Date "2013.06.27"]
[Round "9"]
[White "Lilov, Valeri"]
[Black "Georgiev, Biser"]
[Result "1-0"]
[WhiteElo "2434"]
[BlackElo "2271"]
[PlyCount "119"]
[EventDate "2013.06.19"]
[EventType "swiss"]
[EventRounds "9"]
[EventCountry "BUL"]
[SourceTitle "CBM 155 Extra"]
[Source "ChessBase"]
[SourceDate "2013.08.26"]
[SourceVersion "1"]
[SourceVersionDate "2013.08.26"]
[SourceQuality "1"]

1. e4 e5 2. Nf3 Nc6 3. Nc3 Nf6 4. Bb5 Bb4 5. 0-0 0-0 6. d3 d6 7. Bg5 Bxc3 8. bxc3 Qe7 9. Re1 Nd8 10. d4 Ne6 11. Bc1 c6 12. Bf1 Nd7 13. g3 c5 14. a4 b6 15. a5 Bb7 16. d5 Nc7 17. Nh4 Nf6 18. Nf5 Qd8 19. f4 Ba6 20. c4 Nce8 21. Bb2 Nd7 22. Bc3 f6 23. Bd3 g6 24. Nh6+ Kg7 25. Ng4 Kh8 26. Qd2 Qe7 27. Rf1 Ng7 28. Nh6 Rfb8 29. axb6 axb6 30. Rf3 Rf8 31. Raf1 Rab8 32. Qe2 Ra8 33. R3f2 Rab8 34. Kg2 Rbe8 35. f5 gxf5 36. Rxf5 Nxf5 37. Nxf5 Qd8 38. Nxd6 Re7 39. Nf5 Ref7 40. Bd2 Bc8 41. Qh5 Nb8 42. Bh6 Bxf5 43. Rxf5 Nd7 44. Rf2 Qe7 45. Bxf8 Rxf8 46. Be2 Rd8 47. Bg4 Nf8 48. Qh6 Rd6 49. c3 Qg7 50. Qxg7+ Kxg7 51. Ra2 Ng6 52. Ra7+ Kg8 53. Be6+ Kh8 54. Ra8+ Kg7 55. Rg8+ Kh6 56. h4 Ne7 57. Re8 Ng6 58. Kh3 Kg7 59. h5 Nf8 60. h6+ 1-0

[Event "Varna op 7th"]
[Site "Varna"]
[Date "2013.06.26"]
[Round "8"]
[White "Georgiev, Biser"]
[Black "Filip, Lucian Ioan"]
[Result "1/2-1/2"]
[WhiteElo "2271"]
[BlackElo "2458"]
[PlyCount "64"]
[EventDate "2013.06.19"]
[EventType "swiss"]
[EventRounds "9"]
[EventCountry "BUL"]
[SourceTitle "CBM 155 Extra"]
[Source "ChessBase"]
[SourceDate "2013.08.26"]
[SourceVersion "1"]
[SourceVersionDate "2013.08.26"]
[SourceQuality "1"]

1. e4 c5 2. Nf3 Nc6 3. c3 Nf6 4. e5 Nd5 5. d4 cxd4 6. Bc4 e6 7. 0-0 Be7 8. Bxd5 exd5 9. Nxd4 Nxe5 10. Nf5 0-0 11. Nxe7+ Qxe7 12. Qxd5 d6 13. Bf4 Be6 14. Qd4 Rfd8 15. Na3 Nc6 16. Qd2 d5 17. Be3 d4 18. Bxd4 Nxd4 19. cxd4 Rd5 20. Nc2 Qh4 21. f3 Rh5 22. g3 Qf6 23. b3 Rd8 24. Rad1 Rhd5 25. Rf2 Bf5 26. Qf4 g5 27. Qe3 h6 28. Kg2 Kg7 29. Rfd2 Bxc2 30. Rxc2 Rxd4 31. Rxd4 Qxd4 32. Qxd4+ Rxd4 1/2-1/2

[Event "Varna op 7th"]
[Site "Varna"]
[Date "2013.06.25"]
[Round "7"]
[White "Georgiev, Biser"]
[Black "Karaivanov, Aleksander"]
[Result "1-0"]
[WhiteElo "2271"]
[BlackElo "1894"]
[PlyCount "81"]
[EventDate "2013.06.19"]
[EventType "swiss"]
[EventRounds "9"]
[EventCountry "BUL"]
[SourceTitle "CBM 155 Extra"]
[Source "ChessBase"]
[SourceDate "2013.08.26"]
[SourceVersion "1"]
[SourceVersionDate "2013.08.26"]
[SourceQuality "1"]

1. e4 e5 2. Nf3 Nf6 3. Nc3 Nc6 4. Bb5 Bb4 5. 0-0 0-0 6. Bxc6 dxc6 7. d3 Nd7 8. Ne2 Re8 9. Ng3 Bf8 10. b3 g6 11. Bb2 c5 12. Nd2 Qg5 13. Nc4 Bg7 14. Qc1 Qxc1 15. Raxc1 b6 16. Ne2 Ba6 17. Ne3 c6 18. Rce1 Re7 19. g3 Rf8 20. f4 exf4 21. Bxg7 Kxg7 22. gxf4 f6 23. Ng3 Kh8 24. h4 h6 25. h5 Rg8 26. hxg6 Rxg6 27. Kf2 Bc8 28. Nef5 Rh7 29. Nd6 Rhg7 30. Rg1 Rg8 31. Ngf5 Ba6 32. Rh1 Rg2+ 33. Kf3 R8g6 34. Rxh6+ Rxh6 35. Kxg2 Rh7 36. Re3 Nf8 37. Rg3 Ne6 38. Kf3 Nd4+ 39. Nxd4 cxd4 40. e5 fxe5 41. fxe5 1-0

[Event "Varna op 7th"]
[Site "Varna"]
[Date "2013.06.24"]
[Round "6"]
[White "Petrov, Martin"]
[Black "Georgiev, Biser"]
[Result "1/2-1/2"]
[WhiteElo "1990"]
[BlackElo "2271"]
[PlyCount "25"]
[EventDate "2013.06.19"]
[EventType "swiss"]
[EventRounds "9"]
[EventCountry "BUL"]
[SourceTitle "CBM 155 Extra"]
[Source "ChessBase"]
[SourceDate "2013.08.26"]
[SourceVersion "1"]
[SourceVersionDate "2013.08.26"]
[SourceQuality "1"]

1. e4 c5 2. Nf3 Nc6 3. d4 cxd4 4. Nxd4 Nf6 5. Nc3 d6 6. Bg5 e6 7. Qd2 a6 8. 0-0-0 Qb6 9. Bc4 Qc5 10. Nxc6 Qxc4 11. Nd4 Be7 12. f4 Qc7 13. Rhe1 1/2-1/2

[Event "BUL-chT-B 62nd"]
[Site "Sunny Beach"]
[Date "2012.09.22"]
[Round "4.3"]
[White "Georgiev, Biser"]
[Black "Milchev, Nikolay"]
[Result "1/2-1/2"]
[WhiteElo "2267"]
[BlackElo "2422"]
[PlyCount "74"]
[EventDate "2012.09.19"]
[EventType "team-swiss"]
[EventRounds "7"]
[EventCountry "BUL"]
[SourceTitle "CBM 150 Extra"]
[Source "ChessBase"]
[SourceDate "2012.10.19"]
[SourceVersion "1"]
[SourceVersionDate "2012.10.19"]
[SourceQuality "1"]
[WhiteTeam "Dobrich Energiya 21"]
[BlackTeam "Dupnitsa Marek Union"]
[WhiteTeamCountry "BUL"]
[BlackTeamCountry "BUL"]

1. e4 e5 2. Nf3 Nc6 3. Bc4 Be7 4. d4 exd4 5. Nxd4 Nf6 6. Nxc6 dxc6 7. Qxd8+ Bxd8 8. f3 Nd7 9. Be3 Bf6 10. Nc3 b5 11. Be2 b4 12. Nd1 a5 13. a3 Bb7 14. axb4 axb4 15. Rxa8+ Bxa8 16. c3 c5 17. Bb5 c6 18. Be2 0-0 19. Kd2 Bb7 20. Kc2 Ra8 21. f4 Be7 22. Nf2 Kf8 23. Bg4 Nf6 24. Bf3 Ba6 25. Rd1 Bb5 26. Ng4 Nxg4 27. Bxg4 bxc3 28. Kxc3 Ra4 29. Bf3 Rc4+ 30. Kd2 Bd8 31. Rc1 Ba5+ 32. Kd1 Ba4+ 33. Ke2 Rxc1 34. Bxc1 Bb5+ 35. Kd1 Ba4+ 36. Ke2 Bb5+ 37. Kd1 Ba4+ 1/2-1/2

[Event "Varna op 6th"]
[Site "Varna"]
[Date "2012.07.20"]
[Round "9"]
[White "Georgiev, Biser"]
[Black "Delchev, Aleksander"]
[Result "0-1"]
[WhiteElo "2258"]
[BlackElo "2598"]
[PlyCount "126"]
[EventDate "2012.07.11"]
[EventType "swiss"]
[EventRounds "9"]
[EventCountry "BUL"]
[SourceTitle "CBM 149 Extra"]
[Source "ChessBase"]
[SourceDate "2012.08.24"]
[SourceVersion "1"]
[SourceVersionDate "2012.08.24"]
[SourceQuality "1"]

1. c4 e5 2. Nc3 Bb4 3. g3 Bxc3 4. bxc3 d6 5. Bg2 Ne7 6. d3 0-0 7. Nf3 Nd7 8. 0-0 Rb8 9. Ne1 b6 10. f4 Bb7 11. e4 exf4 12. Bxf4 f5 13. exf5 Bxg2 14. Nxg2 Nxf5 15. Qd2 Nc5 16. Ne3 Qd7 17. Nxf5 Rxf5 18. Be3 Rbf8 19. Bxc5 dxc5 20. Rxf5 Qxf5 21. Re1 h5 22. Qe2 Kh7 23. Kg2 h4 24. gxh4 Rd8 25. Rd1 Qg6+ 26. Kh1 Re8 27. Qf3 Re5 28. d4 Qe4 29. Qxe4+ Rxe4 30. Rd2 cxd4 31. cxd4 Re1+ 32. Kg2 Rc1 33. c5 bxc5 34. dxc5 Rxc5 35. Kg3 Rc4 36. Rd5 c5 37. Rd6 a5 38. h5 a4 39. Rc6 a3 40. h3 Rc3+ 41. Kg4 c4 42. Rc7 Rc1 43. Kg5 c3 44. h6 c2 45. Kh5 Rh1 46. Rxc2 Rxh3+ 47. Kg5 Rxh6 48. Rc3 Rg6+ 49. Kh5 Ra6 50. Rc5 Rh6+ 51. Kg5 Rh2 52. Ra5 Rxa2 53. Kg4 Ra1 54. Kg3 Kg6 55. Ra7 Kf5 56. Kf2 Ke4 57. Kg2 Kd4 58. Rxg7 Rb1 59. Ra7 Rb3 60. Rc7 Rc3 61. Rb7 Kd3 62. Kf2 Kc2 63. Ke1 a2 0-1